Loading...
| Fine Arts - Classical Music | 5 | 16.00 | 100% | 60% | 0% |
| Fine Arts - Other Fine Arts | 3 | 10.00 | 100% | 0% | 0% |
| Fine Arts - Visual Fine Arts | 6 | 18.33 | 100% | 83% | 0% |
| Geography/Current Events | 2 | 15.00 | 100% | 50% | 0% |
| History - American History | 6 | 15.00 | 100% | 33% | 17% |
| History - European History | 4 | 17.50 | 100% | 50% | 25% |
| History - Other History | 4 | 12.50 | 75% | 50% | 0% |
| History - World History | 4 | 25.00 | 100% | 100% | 50% |
| Literature - American Literature | 7 | 15.71 | 100% | 43% | 14% |
| Literature - British Literature | 4 | 10.00 | 100% | 0% | 0% |
| Literature - European Literature | 4 | 22.50 | 100% | 100% | 25% |
| Literature - World/Other Literature | 3 | 16.67 | 100% | 67% | 0% |
| Mythology | 6 | 20.00 | 83% | 83% | 33% |
| Other Academic | 2 | 15.00 | 100% | 50% | 0% |
| Philosophy | 4 | 20.00 | 50% | 100% | 50% |
| Religion | 7 | 12.86 | 100% | 29% | 0% |
| Science - Biology | 6 | 10.00 | 83% | 0% | 17% |
| Science - Chemistry | 3 | 6.67 | 67% | 0% | 0% |
| Science - Other Science | 4 | 5.00 | 50% | 0% | 0% |
| Science - Physics | 3 | 13.33 | 100% | 33% | 0% |
| Social Science | 6 | 10.00 | 100% | 0% | 0% |
| World/Other Literature> | 1 | 20.00 | 100% | 100% | 0% |